Music Quiz

Random Music or Billboard Quiz

Billboard Hot 100: August 6, 2016 Quiz Stats

 Plays Quiz not verified by Sporcle

Score 0/100 Timer 10:00
0 Plays Today
Artist(s) Song % Correct
Rihanna ft. DrakeWork
91.1%
Sia ft. Sean PaulCheap Thrills
88.4%
Drake ft. WizKid & KylaOne Dance
87.5%
BeyonceSorry
86.6%
Justin BieberSorry
86.6%
Justin TimberlakeCan't Stop The Feeling!
84.8%
Fifth Harmony ft. Ty Dolla $ignWork From Home
84.8%
Calvin Harris ft. RihannaThis Is What You Came For
83%
DesiignerPanda
83%
The Chainsmokers ft. DayaDon't Let Me Down
82.1%
Lukas Graham7 Years
82.1%
Mike PosnerI Took A Pill In Ibiza
82.1%
DNCECake By The Ocean
82.1%
twenty one pilotsStressed Out
82.1%
Meghan TrainorNo
80.4%
AdeleSend My Love (To Your New Lover)
76.8%
P!nkJust Like Fire
76.8%
Ariana GrandeDangerous Woman
75.9%
twenty one pilotsRide
74.1%
Charlie Puth ft. Selena GomezWe Don't Talk Anymore
74.1%
RihannaNeeded Me
72.3%
Shawn MendesTreat You Better
72.3%
Justin BieberLove Yourself
71.4%
Nick Jonas ft. Tove LoClose
70.5%
twenty one pilotsHeathens
70.5%
Katy PerryRise
67.9%
Ariana GrandeInto You
67.9%
Flo RidaMy House
67.9%
DNCEToothbrush
67.9%
Fifth Harmony ft. Fetty WapAll In My Head (Flex)
67%
Meghan TrainorMe Too
67%
Zara Larsson & MNEKNever Forget You
65.2%
Drake ft. RihannaToo Good
65.2%
James BayLet It Go
63.4%
Artist(s) Song % Correct
Selena GomezKill Em With Kindness
61.6%
Kent JonesDon't Mind
60.7%
Britney Spears ft. G-EazyMake Me
58%
gnash ft. Olivia O'BrienI Hate U I Love U
57.1%
Ruth BLost Boy
56.3%
KiiaraGold
55.4%
DrakeControlla
54.5%
ColdplayHymn For The Weekend
53.6%
Lukas GrahamMama Said
52.7%
Flume ft. KaiNever Be Like You
50.9%
Florida Georgia LineH.O.L.Y.
50.9%
Future ft. The WeekndLow Life
50%
Kanye WestFamous
50%
D.R.A.M. ft. Lil YachtyBroccoli
48.2%
DayaSit Still, Look Pretty
48.2%
Lil Wayne, Wiz Khalifa & Imagine Dragons With Logic, Ty Dolla $ign & X AmbassadorsSucker For Pain
46.4%
Dreezy ft. JeremihBody
45.5%
Zara LarssonLush Life
44.6%
DJ Khaled ft. DrakeFor Free
42.9%
X AmbassadorsUnsteady
42%
FergieM.I.L.F. $
42%
Drake ft. The ThronePop Style
41.1%
OneRepublicWherever I Go
39.3%
Fat Joe, Remy Ma & Jay Z ft. French Montana & InfaredAll The Way Up
38.4%
DJ Khaled ft. Jay Z & FutureI Got The Keys
37.5%
Kelsea BalleriniPeter Pan
36.6%
Major Lazer ft. Nyla & Fuse ODGLight It Up
35.7%
Demi LovatoBody Say
34.8%
ScHoolboy Q ft. Kanye WestTHat Part
34.8%
Miranda LambertVice
33%
Carrie UnderwoodChurch Bells
33%
FutureWicked
32.1%
Tory LanezLuv
32.1%
Dan + ShayFrom The Ground Up
31.3%
Artist(s) Song % Correct
Eric ChurchRecord Year
30.4%
The LumineersOphelia
30.4%
5 Seconds Of SummerGirls Talk Boys
29.5%
Dierks Bentley ft. Elle KingDifferent For Girls
27.7%
Sam HuntMake You Miss Me
26.8%
MadeinTYOUber Everywhere
26.8%
Blake SheltonShe's Got A Way With Words
26.8%
Luke BryanHuntin', Fishin' & Lovin' Every Day
26.8%
Marc E. Bassy ft. G-EazyYou & Me
26.8%
Keith UrbanWasted Time
25.9%
RihannaSex With Me
25.9%
Jon PardiHead Over Boots
25%
WaleMy PYT
25%
Jason AldeanLights Come On
25%
Usher ft. Young ThugNo Limit
25%
Chris LaneFix
25%
Fetty WapWake Up
24.1%
Chance The Rapper ft. Lil Wayne & 2 ChainzNo Problem
23.2%
Jake OwenAmerican Country Love Song
22.3%
Lil Uzi VertMoney Longer
21.4%
French Montana ft. DrakeNo Shopping
20.5%
French Montana ft. Kodak BlackLockjaw
19.6%
Ben RectorBrand New
19.6%
Lil Uzi VertYou Was Right
19.6%
YG ft. Drake & KamaiyahWhy You Always Hatin?
18.8%
PARTYNEXTDOOR ft. DrakeCome And See Me
17.9%
Enrique Iglesias ft. WisinDuele El Corazon
16.1%
DrakeChilds Play
16.1%
Nicky JamWith You Tonight / Hasta El Amanecer
15.2%
David NailNight's On Fire
14.3%
Dae DaeWat U Mean (Aye, Aye, Aye)
14.3%
Jason AldeanA Little More Summertime
12.5%

You're not logged in!

Compare scores with friends on all Sporcle quizzes.
OR
Log In

Sporcle TV

Today on Sporcle TV


Watch our educational content, quiz creation guides, and fun videos on Sporcle TV.

Show Comments

Extras

Top Quizzes Today


Score Distribution

Your Account Isn't Verified!

In order to create a playlist on Sporcle, you need to verify the email address you used during registration. Go to your Sporcle Settings to finish the process.

Report this User

Report this user for behavior that violates our Community Guidelines.

Details: